Optimalizácia daňového určenia a daňovej právomoci v Slovenskej republike diplomová práca

Saved in:
Bibliographic Details
Main Author: Mačuga, Jozef
Corporate Author: Národohospodárska fakulta EU. Katedra financií
Other Authors: Neubauerová, Erika, 1968-
Format: Book
Language:Slovak
Published: Bratislava 2014
Tags: Add Tag
No Tags, Be the first to tag this record!

MARC

LEADER 00000nbm a2200000 4500
001 0187326
005 20170201085603.0
041 0 |a slo 
044 |a SK 
245 1 0 |a Optimalizácia daňového určenia a daňovej právomoci v Slovenskej republike  |b diplomová práca  |c Jozef Mačuga ; školiteľ: Erika Neubauerová 
264 1 |a Bratislava  |c 2014 
300 |a 67 s. 
100 1 |a Mačuga, Jozef 
700 1 |a Neubauerová, Erika, 1968- 
710 2 |a Národohospodárska fakulta EU. Katedra financií